| 000 | 02125nam a2200373 c 4500 | ||
|---|---|---|---|
| 999 |
_c114548 _d114548 |
||
| 003 | BLK | ||
| 005 | 20230809005339.0 | ||
| 008 | 180409b bul|||||r ||||||| ||bul|| | ||
| 010 | _aKNG00119979000 | ||
| 040 | _aBLK | ||
| 041 |
_aBUL _cBUL |
||
| 080 |
_aПредучилищно възпитание _b373.2.016 _z373.2.016 |
||
| 139 |
_aКнига за учителя на втора група в детската градина _bК 69 |
||
| 245 | 1 | 0 |
_aКнига за учителя на втора група в детската градина _bЧ. 1- _cпод ред. на Елка Петрова; съавт. на том Елка Петрова; * Елка Петрова Кътова. _nЧ. 2 |
| 257 | _aBGR | ||
| 260 |
_bНар. просв. _c1984 _fВ. Търново : Д. Найденов _aСофия |
||
| 300 | _c20 см | ||
| 380 | _a3 | ||
| 650 | 4 |
_aУчебно-възпитателна работа - в детските градини _9243795 |
|
| 650 | 0 |
_aДетски градини - учебно-възпитателна работа _9245906 |
|
| 653 | _aдетски градини | ||
| 653 | _aучебно-възпитателна работа | ||
| 700 | 1 |
_aПетрова, Елка _eпод ред. на _gКътова, Елка Петрова _9374021 |
|
| 700 | 1 |
_aПетрова, Елка _eсъавт. на том _gКътова, Елка Петрова _9374021 |
|
| 700 | 1 |
_aКътова, Елка Петрова _e* _9287561 |
|
| 760 | 1 |
_d1984 _h212 с. : с ил., сх., табл., 8 л. цв. ил. _nДруги авт. : Б. Боева, Б. Стефанова, В. Тетевенска, Д. Стоицева, В. Георгиева, Е. Томова, Е. Христова, М. Каменова, М. Тодорова, М. Владимирова, Н. Витанова, Ц. Шейтанова, отбелязани в библиогр. каре _tЧ. 2 |
|
| 852 | _aЦб 129338 | ||
| 856 | 4 | _qpdf | |
| 856 | 4 | _qpdf | |
| 942 |
_cKNG _n0 _03 _s1 |
||
| 944 |
_aCR _c21.10.2010 _lCRON CRON _k |
||
| 944 |
_aED _c25.10.2010 _lдобави в АБ / 19.10.2010 |
||
| 999 | _d114548 | ||